01356cam a2200337 i 4500001001000000003000900010005001700019007000300036008004100039020001500080040003000095082002100125245020700146264011100353300004600464336002700510337003300537338002800570490004500598500002100643500007300664650003600737650004500773651005300818700002300871700003500894700001800929700002600947700001900973700002600992000003301DO-SdBNP20231004085114.0ta090707s2006 dr 001 0 spa d a9945415093 aDO-SdBNPbspacBNPHUerda 4a338.9bD449m22200aDesde los márgenes de la sociedad :bremesas, subsidios y trabajo infantil /cCarmen Julia gómez Carrasco, Rita Mena Peguero, Marina Ortiz, José Miguel Santos, Mario Serrano, Edgar A. Victoria Yeb aSanto Domingo :bFundación Friedrich Ebert :b Pontificia Universidad Católica Madre y Maestra,c2006. a172 p.áginas :bilustraciones ;c22 cm. 2rdacontentatextobtxt 2rdamediaasin mediaciónbn 2rdacarrieravolumenbnc aForo Políticas Sociales y Bienestarv5 aIncluye índice aIncluye referencias bibliográficas y notas al pie de las páginas 4aRemesaszRepública Dominicana 4aTrabajo infantilzRepública Dominicana 4aRepública DominicanaxCondiciones económicas1 aMena Peguero, Rita1 aGómez Carrasco, Carmen Julia1 aOrtiz, Marina1 aSantos, José Miguel1 aSerrano, Mario1 aVictora Yeb, Edgar A.